|
|
|
|
| LEADER |
00000cam a2200000 4500 |
| 001 |
vtls011755916 |
| 003 |
SK-MaSNL |
| 005 |
20260301142303.0 |
| 008 |
200104s2017 xo g n 000 0 rus |
| 015 |
|
|
|a SNBA2018/06
|
| 020 |
|
|
|a 9788055713496
|q (brožované)
|
| 035 |
|
|
|a urn:nbn:sk:snk-am00d3de
|
| 035 |
|
|
|a urn:nbn:sk:snk-am3hkaj
|
| 035 |
|
|
|a 2EAC2DA2-008A-46C8-962E-D92CB79631A2
|
| 040 |
|
|
|a SNK
|b slo
|c SNK
|e rda
|
| 041 |
0 |
|
|a rus
|b eng
|b slo
|
| 044 |
|
|
|a xo
|c SK
|
| 072 |
|
7 |
|a 81
|x Lingvistika. Jazyky
|2 konspekt
|
| 080 |
|
|
|a 81'271.12
|2 2011
|
| 080 |
|
|
|a 811.16
|2 2011
|
| 080 |
|
|
|a 81-112
|2 2001
|
| 080 |
|
|
|a 81`271
|2 2011
|
| 080 |
|
|
|a (048.8)
|2 2011
|
| 100 |
1 |
|
|a Liashuk, Viktória,
|d 1963-
|4 aut
|9 173973
|
| 245 |
1 |
0 |
|a Teorija slavjanskich literaturnych jazykov v diachronii i sinchronii
|b naučnaja monografija
|c Viktória Liashuk
|
| 246 |
3 |
1 |
|a Theory of the slavic standard languages in diachrony and Synchrony
|
| 246 |
3 |
1 |
|a Teória slovanských spisovných jazykov v diachrónii a synchrónii
|
| 250 |
|
|
|a Prvé vydanie
|
| 264 |
|
1 |
|a Banská Bystrica
|b Belianum
|b Univerzita Mateja Bela v Banskej Bystrici
|c 2017
|
| 300 |
|
|
|a 129 strán
|b tabuľky
|c 21 cm
|
| 336 |
|
|
|a text
|b txt
|2 rdacontent
|
| 337 |
|
|
|a bez média
|b n
|2 rdamedia
|
| 338 |
|
|
|a zväzok
|b nc
|2 rdacarrier
|
| 366 |
|
|
|e 100 kusov
|
| 490 |
1 |
|
|a Filozofická fakulta
|
| 504 |
|
|
|a Bibliografia na strane 111-125 ; skratky
|
| 546 |
|
|
|a Anglické a slovenské resumé
|
| 650 |
0 |
7 |
|a spisovný jazyk
|2 SNKPH
|9 1367
|
| 650 |
0 |
7 |
|a slovanské jazyky
|2 SNKPH
|9 1338
|
| 650 |
0 |
7 |
|a diachrónna lingvistika
|2 SNKPH
|9 54739
|
| 650 |
0 |
7 |
|a Literary language
|2 SNKPHeng
|9 289531
|
| 650 |
0 |
7 |
|a Slavic languages
|2 SNKPHeng
|9 289530
|
| 650 |
0 |
7 |
|a diachronic linguistics
|2 SNKPHeng
|9 335691
|
| 650 |
0 |
7 |
|a jazyková kultúra
|2 SNKPH
|9 1395
|
| 650 |
0 |
7 |
|a Language-culture
|2 SNKPHeng
|9 320052
|
| 655 |
|
7 |
|a monografie
|2 SNKPH
|9 70139
|
| 655 |
|
7 |
|a Monographs
|2 SNKPHeng
|9 120675
|
| 810 |
2 |
|
|a Univerzita Mateja Bela v Banskej Bystrici.
|t Filozofická fakulta
|9 133058
|
| 852 |
|
|
|a Štátna vedecká knižnica v Banskej Bystrici
|
| 919 |
|
|
|a 978-80-557-1349-6
|
| 958 |
|
|
|a NB
|
| 999 |
|
|
|c 769737
|d 771667
|
| 952 |
|
|
|a SNK
|b SNK
|y PREZ
|7 0
|p 17A1324472
|o snkSC 179568
|i snk2018/11116
|8 0
|0 0
|1 0
|4 0
|d 2018-05-22
|f 1
|l 0
|r 2026-02-24 00:31:24
|w 2026-02-24
|
| 952 |
|
|
|a SNK
|b SNK
|y VYP
|7 0
|p 17A1324473
|o snkSC 179568 D1
|i snk2018/11117
|8 0
|0 0
|1 0
|4 0
|d 2018-05-22
|l 0
|r 2026-02-24 00:31:24
|w 2026-02-24
|